Rūdolfa Blaumaņa novele «Nāves ēnā» (1899) un Karla Rusvurma kultūrvēsturiskais stāsts «Roņu medīšana» (1861/1874) vēstījuma spriedzes aspekti

Titel: Rūdolfa Blaumaņa novele «Nāves ēnā» (1899) un Karla Rusvurma kultūrvēsturiskais stāsts «Roņu medīšana» (1861/1874) vēstījuma spriedzes aspekti / Ivars Orehovs
Verfasser:
In: Rūdolfs Blaumanis: teksts un konteksts, (2013), Seite 327-334
alle Artikel anzeigen
Veröffentlicht: 2013
Format: Aufsatz
Sprache: Lettisch
Schlagworte:
Kein Bild verfügbar
X
alg: 46977352
001A    $03025:23-09-20 
001B    $01999:24-09-20 $t22:47:30.000 
001D    $03025:23-09-20 
001U    $0utf8 
001X    $00 
002@    $0Aou 
002C    $aText $btxt $2rdacontent 
002D    $aohne Hilfsmittel zu benutzen $bn $2rdamedia 
002E    $aBand $bnc $2rdacarrier 
003@    $0469773529 
007A    $0469773529 $aHEB 
010@    $alav 
010E    $erda 
011@    $a2013 $n2013 
021A    $aRūdolfa Blaumaņa novele «Nāves ēnā» (1899) un Karla Rusvurma kultūrvēsturiskais stāsts «Roņu medīšana» (1861/1874) vēstījuma spriedzes aspekti $hIvars Orehovs 
028A    $BVerfasser $4aut $7 $8Orehovs, Ivars [Tnx] $9171823362 
031A    $g8 $h327-334 $j2013 
039B    $aEnthalten in $8--Aau--. Rūdolfs Blaumanis: teksts un konteksts. - Rīga : LU Akadēmiskais apgāds, 2013. - 486 Seiten. - Illustrationen, Karten. - ISBN 978-9984-45-781-9 $x201300000000000673 $9462979644 
044K    $#Blauman, R. $#Blauman, Rudolʹf $#Blaumanis, Rudolʹf $#Blaumann, Rudolf $7118511610 $8Blaumanis, Rūdolfs$Z1863-1908 [Tp1] $9086852744 
044K    $#Rußwurm, Carl Friedrich Wilhelm $#Rußwurm, C. $#Rußwurm, Carl $#Russwurm, Carl $#Russwurm, Karl $#Russwurm, Karl Friedrich Wilhelm $#Rußwurm, Carl Friedrich Wilhelm von $#Russwurm, Carl Friedrich Wilhelm $#Rußwurm, Karl Friedrich Wilhelm $7116711558 $8Rußwurm, C.$Z1812-1883 [Tp1] $9150617232 
044K    $#Lettland $#Lettland $#Latvija $#Latvijas Republika $#Lettische Republik $#Lettische SSR $#Latvijskaja SSR $74074187-4 $8Lettland [Tg1] $9085208876 
044K    $RĖstljandskaja Gubernija $RĖstonskaja SSR $#Estland $#Estland $#Estnische SSR $#Eesti $#Estonskaja SSR $#EV $#Estonia 1918 - 1940, 1991 - $#Republik Estland $#Eesti Vabariik $#Republic of Estonia $#Ėstonskaja Respublika $#Estnische Republik $#Estonia 1918-1940 ; ab 1991 $#Estonia $#Estonie $74015587-0 $8Estland [Tg1] $9085035777 
044K    $#Runö $74398382-0 $8Ruhnu [Tg1] $9088512703 
044K    $RKurzepik $RErzählung $#Short story $#Short stories $#Nouvelles $#Novela corta $#Novellen $74042706-7 $8Novelle [Ts1] $9085118443 
044K    $RPrivatleben $RLebenswelt $RAlltagskultur $#Vie pratique $#Alltagsphänomen $#Alltagsleben $#Alltagswelt $#Lebensweise Alltag $#Tägliches Leben $#Daily Life $74001307-8 $8Alltag [Ts1] $9084994274 
045F    $a809 $eDDC23BSB 
045F/01 $a809 
045F/03 $f09034 
045F/03 $g4796 
045F/03 $g4798 
045R    $aIdeengeschichte 1861-1899 
046L    $aEnglische Zusammenfassung unter dem Titel: Storyline suspense aspects in Rūdolfs Blaumanis' novella "In the Shadow of Death" (1899) and Karl Russwurm's cutural-historical story "Seal Hunting" (1861/1874) 

lok: 46977352 78

exp: 46977352 78 1 #EPN
201B/01 $023-09-20 $t14:47:43.000 
201C/01 $023-09-20 
201U/01 $0utf8 
203@/01 $01123834881 
208@/01 $a23-09-20 $be 
209A/01 $a/ $f000 $x00 
209A/01 $ab*p $x01 
220C/01 $akoe 
247C/01 $82080>Marburg/Lahn, Herder-Institut, Forschungsbibliothek, Bibliographieportal $9336309341
LEADER 00000caa a2200000 c 4500
001 469773529
003 DE-603
005 20200924224730.0
007 tu
008 200923s2013 xx |||| | u00||u|lav c
035 |a (DE-599)HEB469773529 
040 |a DE-603  |b ger  |c DE-603  |d DE-603  |e rda 
041 |a lav 
082 0 4 |8 1\u  |a 809  |q DE-101  |2 23/BSB 
085 |8 1\u  |b 809 
085 |8 1\u  |z 1  |s 09034 
085 |8 1\u  |z 2  |s 4796 
085 |8 1\u  |z 2  |s 4798 
100 1 |a Orehovs, Ivars  |e Verfasser  |4 aut  |0 (DE-603)171823362 
245 0 0 |a Rūdolfa Blaumaņa novele «Nāves ēnā» (1899) un Karla Rusvurma kultūrvēsturiskais stāsts «Roņu medīšana» (1861/1874) vēstījuma spriedzes aspekti  |c Ivars Orehovs 
264 0 |c 2013 
336 |a Text  |b txt  |2 rdacontent 
337 |a ohne Hilfsmittel zu benutzen  |b n  |2 rdamedia 
338 |a Band  |b nc  |2 rdacarrier 
546 |a Englische Zusammenfassung unter dem Titel: Storyline suspense aspects in Rūdolfs Blaumanis' novella "In the Shadow of Death" (1899) and Karl Russwurm's cutural-historical story "Seal Hunting" (1861/1874) 
600 1 7 |a Blaumanis, Rūdolfs  |d 1863-1908  |0 (DE-588)118511610  |0 (DE-603)086852744  |2 gnd 
600 1 7 |a Rußwurm, C.  |d 1812-1883  |0 (DE-588)116711558  |0 (DE-603)150617232  |2 gnd 
648 7 |a Ideengeschichte 1861-1899  |2 gnd 
650 7 |a Novelle  |0 (DE-588)4042706-7  |0 (DE-603)085118443  |2 gnd 
650 7 |a Alltag  |0 (DE-588)4001307-8  |0 (DE-603)084994274  |2 gnd 
651 7 |a Lettland  |0 (DE-588)4074187-4  |0 (DE-603)085208876  |2 gnd 
651 7 |a Estland  |0 (DE-588)4015587-0  |0 (DE-603)085035777  |2 gnd 
651 7 |a Ruhnu  |0 (DE-588)4398382-0  |0 (DE-603)088512703  |2 gnd 
773 0 8 |i Enthalten in  |t Rūdolfs Blaumanis: teksts un konteksts  |d Rīga : LU Akadēmiskais apgāds, 2013  |h 486 Seiten, Illustrationen, Karten  |z 9789984457819  |g (2013), Seite 327-334  |w (DE-603)462979644 
924 0 |9 2080  |a (DE-603)1123834881  |b DE-2080  |c HES  |d d  |g /